000
00248nam a22001097a 4500
082
_a
621.38152 WRI'S
100
_a
WRIGHT, D. A. PROFESSOR
_9
78543
245
_a
SEMICONDUCTOR
260
_a
NEWYORK
_b
JOHN WILEY
_c
1966
300
_a
134P
942
_c
BK
999
_c
583653
_d
583653